Quiz Cultura Generale - Quiz n°69 - Statistics

Statistiche generali
  • Questo quiz è stato fatto 260 volte
  • Il punteggio medio è 7 su 15
Statistiche sulle risposte
Domanda Risposta % Corretto
Quale squadra italiana ha affrontato il Manchester City nella finale di UEFA Champions League del 2023? Inter
87%
In quale nazione si trova l'area geografica dell'Olanda? Paesi Bassi
86%
In quale continente si trova il Deserto del Kalahari? Africa
78%
Quanto equivale la radice cubica del quadruplo di 16? 4
64%
Qual è il verso dell'asino? Raglio
64%
Quale azienda italiana costruisce da quasi 80 anni lo scooter "Vespa"? Piaggio
61%
Qual è la prima persona plurale del condizionale presente del verbo "parlare"? Noi parleremmo
55%
Quale provincia italiana ha come sigla BL? Provincia di Belluno
52%
Con quale brano le Las Ketchup hanno raggiunto il successo mondiale nel 2002? Asereje
43%
In quale oceano si trova l'Arcipelago delle Azzorre? Oceano Atlantico
38%
Chi ha diretto, scritto e prodotto il film "Il grande dittatore" del 1940? Charlie Chaplin
29%
In quale anno Napoleone Bonaparte è stato sconfitto nella Battaglia di Waterloo? 1815
26%
Quanti sono i senatori eletti del Parlamento italiano? 200
21%
Chi ha scolpito la statua di "Paolina Borghese"? Antonio Canova
21%
Qual è il titolo del primo romanzo de "Le Cronache di Narnia"? Il leone, la strega e l'armadio
15%
Nessun quiz corrispondente trovato
Distribuzione punteggi
Percentuale di utenti per punteggio
Percentile per numero di risposta
I tuoi punteggi nel tempo
Non hai fatto questo quiz